000 00377nam a2200145Ia 4500
008 240624s9999 xx 000 0 und d
041 _aeng
082 _a519.535 AND
100 _aANDERSON T W
245 _aINTRODUCTION TO MULTIVARIATE STATISTICAL
250 _a(3rd ed.)
260 _c2006
_aNew Jersey
_bJohn Wiley & Sons
300 _axx, : 721 : p. : cm. ; 26
365 _c
999 _c3561
_d3561